LEADER 00723nam a2200217 i 4500 001 000000153081 003 CaOOAMICUS 005 20250825125631.0 008 061003n gw u000 u ger u 013 $a130422 040 $aSeMil$bita 245 10$aErster Teil. 260 $aLeipzig :$bReclam,$c[1919] 300 $a423 p. 773 0 $aDickens, Charles, <1812-1870>$tPickwickier.$dLeipzig : Reclam, 1919.$gTeil1$w()16488 850 $aSeMil 852 $aSeMil$W1$xVenegono$y1$m1W I 433$j105025$B105025$CSeMilBibl$Z2$F114987 $81 961 $aRecupero: Altro 996 $6245$aErster Teil$9(OLS)http://semarc/title/139075 996 $6260$aLeipzig :$bReclam$9(OLS)http://semarc/publisher/34416 LEADER 01060nam a2200265 i 4500 001 000000185975 003 CaOOAMICUS 005 20100218000000.0 008 100218s2009 it u000 u ita u 013 $a164012 020 $a978-88-7105-282-3 040 $aSeMil$bita 100 1 $aCastenetto, Dora.$0(OLS)http://semarc/name/14182 245 10$aGiovanni Moioli :$bun cammino spirituale /$cDora Castenetto. 260 $aMilano :$bGlossa,$c2009. 300 $aX, 231 p. ;$c20 cm. 490 0 $aSapientia ;$v46 600 14$aMoioli, Giovanni .$0(OLS)http://semarc/subject/11472 830 0$aSapientia ;$v46.$0(OLS)http://semarc/title/625 850 $aSeMil 852 $aSeMil$W1$xVenegono$y1$m2KA O 46$j229393$B136662$CSeMilBibl$Z2$F148221 $81 961 $aOmaggio: Como don Giuseppe 996 $6020$a978-88-7105-282-3$9(OLS)http://semarc/number/176202 996 $6245$aGiovanni Moioli :$bun cammino spirituale$9(OLS)http://semarc/title/267316 996 $6260$aMilano :$bGlossa$9(OLS)http://semarc/publisher/29635